000
00433nam a2200145Ia 4500
008
100122s9999 xx 000 0 und d
082
_b
42354
_a
822.09
100
_a
देशमुख अनंत
245
_a
नाट्यविचार
260
_b
नीहारा प्रकाशन
_c
1988
300
_a
184
630
_a
नाट्यविचार
730
_a
नाट्यविचार
942
_c
BOOK
999
_c
422775
_d
422772